000 00432nam a2200193Ia 4500
005 20240823022949.0
008 240823s9999||||xx |||||||||||||| ||und||
020 _a978-0-330-41882-9
041 _aENGLISH
082 _A823 P5
100 _a"Archer,Jeffrey"
245 0 _aFalse Impression
250 _a1st
260 _c2005
_b"Pan Books,L"
500 _aYES
650 _aNovel
_bEnglish
942 _cBK
999 _c180418
_d180418